[Event "Tourn. n10162"]
[Site "www.echecsemail.com"]
[Date "2019.09.26"]
[Round "1"]
[White "Numanoid"]
[Black "Rons"]
[WhiteElo "2770"]
[BlackElo "2660"]
[Result "1-0"]
[Round "1"]
1.e4 c5
2.Ng1f3 d6
3.Bf1b5 Nb8d7
4.d4 Ng8f6
5.O-O cxd4
6.Qd1xd4 g6
7.e5 dxe5
8.Qd4xe5 Bf8g7
9.Rf1e1 e6
10.Qe5d6 a6
11.Bb5f1 Qd8e7
12.Qd6xe7 Kxe7
13.Nb1d2 b6
14.b3 Nf6d5
15.Bc1a3 Nd7c5
16.Ra1d1 Bg7c3
17.Nd2c4 Bc3xe1
18.Nf3xe1 Ra8b8
19.Nc4xb6 Nd5xb6
20.Ba3xc5 Ke8
21.Bc5d4 Rh8f8
22.Ne1d3 Nb6d7
23.Nd3e5 f6
24.Ne5c6 Rb8a8
25.Nc6a5 Ra8b8
26.a4 Kf7
27.g3 f5
28.Bf1g2 e5
29.Bd4c3 Nd7f6
30.Na5c6 Rb8b6
31.Rd1d6 Kg7
32.Bc3xe5 g5
33.a5 Rb6b7
34.Nc6d4 Rb7e7
35.f4 Kg6
36.c4 h5
37.Rd6c6 Re7e8
38.b4 Bc8b7
39.Rc6xf6 Rf8xf6
40.Bg2xb7 { resign }
1-0

[Event "Tourn. n10205"]
[Site "www.echecsemail.com"]
[Date "2019.09.26"]
[Round "1"]
[White "Tonino1"]
[Black "Rons"]
[WhiteElo "2190"]
[BlackElo "2640"]
[Result "0-1"]
[Round "1"]
1.d4 Ng8f6
2.Ng1f3 d5
3.e3 c5
4.c3 Nb8c6
5.Bf1d3 Bc8g4
6.Nb1d2 e6
7.O-O Bf8d6
8.h3 Bg4h5
9.g4 Bh5g6
10.Bd3xg6 hxg6
11.Kg2 Nf6e4
12.Nd2xe4 dxe4
13.Nf3g1 Qd8h4
14.Qd1e1 Qh4xg4
15.Kh1 Rh8xh3
 { time }
0-1

[Event "Match"]
[Site "www.echecsemail.com"]
[Date "2019.09.26"]
[Round "1"]
[White "Double2dutch"]
[Black "Hundegana"]
[WhiteElo "2220"]
[BlackElo "2040"]
[Result "1-0"]
[Round "1"]
1.Ng1f3 c5
2.b3 g6
3.Bc1b2 f6
4.e3 Bf8g7
5.d4 cxd4
6.exd4 Ng8h6
7.Bf1e2 O-O
8.c4 Nh6f5
9.O-O d6
10.Nb1c3 a6
11.Qd1c2 Nb8c6
12.Ra1d1 b5
13.cxb5 axb5
14.Be2xb5 Nc6b4
15.Qc2b1 Kh8
16.a3 Nb4a6
17.b4 Na6c7
18.Bb5c6 Ra8a7
19.b5 Nc7e6
20.Rf1e1 Qd8b6
21.Qb1a2 Nf5xd4
22.Nf3xd4 Ne6xd4
23.Nc3d5 Qb6c5
24.Bb2xd4 Qc5xa3
25.Qa2xa3 Ra7xa3
26.Re1xe7 Bc8g4
27.Rd1e1 Ra3d3
28.Bd4c3 Bg4f5
29.b6 Rf8b8
30.Re7e8 Rb8xe8
31.Re1xe8 Bg7f8
32.Re8xf8 Kg7
33.Rf8e8 Kf7
34.b7 Bf5e6
35.Re8xe6 g5
36.Re6xf6 Kg7
37.Rf6f3 Kg6
38.Rf3xd3 h5
39.b8Q h4
40.Qb8g8 Kf5
41.Bc6d7 Ke4
42.Qg8g6 
1-0

[Event "Tourn. n10206"]
[Site "www.echecsemail.com"]
[Date "2019.09.26"]
[Round "1"]
[White "Sorim"]
[Black "Bojan"]
[WhiteElo "2250"]
[BlackElo "2010"]
[Result "1-0"]
[Round "1"]
1.d4 d5
2.c4 dxc4
3.Ng1f3 a6
4.e3 b5
5.b3 cxb3
6.axb3 e6
7.Bf1xb5 Bc8d7
8.Bb5d3 Bd7c6
9.O-O Bf8b4
10.Nf3e5 Bc6b7
11.Qd1c2 Qd8g5
12.f3 f6
13.e4 Qg5h5
14.Qc2xc7 Bb4c3
15.Bd3b5 axb5
16.Ra1xa8 Bc3xd4
17.Kh1 Bb7xa8
18.Qc7xb8 Ke7
19.Bc1a3 { resign }
1-0

[Event "Tourn. n10166"]
[Site "www.echecsemail.com"]
[Date "2019.09.26"]
[Round "1"]
[White "Jerome"]
[Black "Tartan"]
[WhiteElo "2379"]
[BlackElo "2490"]
[Result "1-0"]
[Round "1"]
1.e4 c5
2.Ng1f3 Nb8c6
3.d4 cxd4
4.Nf3xd4 e5
5.Nd4b5 d6
6.c4 Bf8e7
7.Nb1c3 a6
8.Nb5a3 Bc8e6
9.Na3c2 Be7g5
10.Bf1e2 Bg5xc1
11.Ra1xc1 Ng8f6
12.O-O Qd8a5
13.Qd1xd6 Ra8d8
14.Qd6a3 Qa5xa3
15.Nc2xa3 Rd8d2
16.Rc1c2 Rd2d8
17.f3 Nc6d4
18.Rc2c1 O-O
19.Rf1d1 Nf6h5
20.Be2f1 f5
21.exf5 Be6xf5
22.c5 Nh5f4
23.Na3c4 Rd8e8
24.Nc4xe5 { resign }
1-0

[Event "Tourn. n10196"]
[Site "www.echecsemail.com"]
[Date "2019.09.26"]
[Round "1"]
[White "D4minance"]
[Black "Krystek23"]
[WhiteElo "2850"]
[BlackElo "2540"]
[Result "1-0"]
[Round "1"]
1.d4 Ng8f6
2.c4 g6
3.Nb1c3 Bf8g7
4.e4 d6
5.Bf1e2 O-O
6.Ng1f3 Nb8d7
7.O-O e5
8.Bc1e3 Rf8e8
9.d5 Nd7c5
10.Nf3d2 a5
11.a3 Nc5d7
12.Qd1c2 b6
13.b4 axb4
14.axb4 Bc8b7
15.Ra1xa8 Qd8xa8
16.Qc2b2 Qa8b8
17.Rf1a1 Re8d8
18.h3 c6
19.dxc6 Bb7xc6
20.Nc3d5 Rd8e8
21.Ra1a3 Nf6xd5
22.cxd5 Bc6a8
23.Be2b5 Re8e7
24.Qb2a2 Ba8b7
25.Bb5c6 Nd7f6
26.b5 Bg7f8
27.Be3g5 Kg7
28.Bc6xb7 Qb8xb7
29.Ra3a8 Re7d7
30.Bg5xf6 Kxf6
31.Ra8xf8 Rd7c7
32.Nd2c4 Qb7a7
33.Qa2xa7 Rc7xa7
34.Rf8d8 Ra7a4
35.Rd8xd6 Ke7
36.Rd6c6 Ra4b4
37.d6 Ke6
38.Nc4xb6 Rb4d4
39.Nb6c8 Kd7
40.Rc6c7 Kd8
41.b6 f5
42.b7 Rd4xd6
43.b8Q { resign }
1-0

[Event "1/16 Finale"]
[Site "www.chess-mail.com"]
[Date "2019.09.26"]
[Round "1"]
[White "Cvilhena1976"]
[Black "Nimzo"]
[WhiteElo "2340"]
[BlackElo "2810"]
[Result "0-1"]
[Round "1"]
1.e4 e5
2.Ng1f3 Nb8c6
3.Bf1b5 Ng8f6
4.d4 exd4
5.O-O a6
6.Bb5xc6 dxc6
7.e5 Nf6e4
8.Rf1e1 Ne4c5
9.Bc1g5 Bf8e7
10.Bg5xe7 Qd8xe7
11.Qd1xd4 Bc8f5
12.Qd4c3 Nc5e6
13.Nb1d2 h5
14.Ra1d1 O-O-O
15.Nd2b3 c5
16.h3 Rd8xd1
17.Re1xd1 g5
18.Nf3d2 g4
19.Nd2c4 gxh3
20.Nc4d6 cxd6
21.exd6 Qe7g5
22.d7 Kc7
23.Qc3e5 Kb6
24.g3 h2
25.Kxh2 f6
26.Qe5c3 Qg5g4
27.d8Q Rh8xd8
28.Rd1xd8 Qg4h3
29.Kg1 Bf5e4
30.f3 Qh3xg3
31.Kf1 Be4xf3
32.Rd8d6 Qg3xd6
33.Qc3xf3 Ne6g5
34.Qf3f5 h4
35.a4 h3
36.a5 Kb5
37.Qf5g4 Qd6d5
38.Qg4e2 c4
39.Qe2e8 Kb4
40.Qe8e7 Ka4
41.Qe7e8 Qd5b5
42.Qe8xb5 Kxb5
43.Nb3d2 c3
44.bxc3 Kxa5
45.Nd2c4 Kb5
46.Nc4d6 Kc6
47.Nd6c4 Kc5
48.Nc4d2 b6
49.Kg1 a5
 { time }
0-1

[Event "Fast Game"]
[Site "www.echecsemail.com"]
[Date "2019.09.26"]
[Round "1"]
[White "Hennie4820"]
[Black "Cal"]
[WhiteElo "1540"]
[BlackElo "1620"]
[Result "1-0"]
[Round "1"]
1.e4 e5
2.Ng1f3 d6
3.Bf1c4 h6
4.d4 c6
5.dxe5 Bc8g4
6.exd6 Qd8d7
7.e5 b5
8.Bc4e2 g6
9.O-O Bf8g7
10.Bc1f4 Bg4f5
11.Be2d3  { time }
1-0

[Event "Tourn. n10204"]
[Site "www.echecsemail.com"]
[Date "2019.09.27"]
[Round "1"]
[White "Fantomas"]
[Black "Orhany24"]
[WhiteElo "2160"]
[BlackElo "2140"]
[Result "1/2-1/2"]
[Round "1"]
1.e4 e5
2.Ng1f3 Nb8c6
3.d4 exd4
4.Nf3xd4 d6
5.Nd4xc6 bxc6
6.Qd1f3 Qd8f6
7.Qf3xf6 Ng8xf6
8.Bf1d3 Bf8e7
9.Nb1c3 O-O
10.Bc1d2 Bc8e6
11.O-O h6
12.f4 Be6d7
13.Ra1e1 Ra8b8
14.b3 Rf8e8
15.h3 Be7f8
16.Kh2 g6
17.g4 Bf8g7
18.Kg3 Nf6h7
19.Nc3d1 Re8e7
20.Bd2a5 Bd7c8
21.c4 Bc8b7
22.h4 Rb8e8
23.Ba5c3 c5
24.Bc3xg7 Kxg7
25.Nd1c3 a6
26.Re1d1 Nh7f6
27.Nc3d5 Nf6xd5
28.cxd5 c6
29.Bd3b1 cxd5
30.exd5 Re7e3
31.Rf1f3 Re8e7
32.f5 Re7e5
33.f6 Kf8
34.Rf3xe3 Re5xe3
35.Kf4 Re3e5
36.Bb1e4 Ke8
37.Rd1d2 Kd7
38.a3 a5
39.a4 { draw }
1/2-1/2

[Event "Tourn. n10199"]
[Site "www.echecsemail.com"]
[Date "2019.09.27"]
[Round "1"]
[White "Andychesston"]
[Black "Churrasca"]
[WhiteElo "1950"]
[BlackElo "2030"]
[Result "0-1"]
[Round "1"]
1.e4 c5
2.Ng1f3 d6
3.d4 cxd4
4.Nf3xd4 Ng8f6
5.Nb1c3 a6
6.Bf1e2 e6
7.Bc1g5 Bf8e7
8.O-O O-O
9.Be2d3 h6
10.f4 Bc8d7
11.e5 dxe5
12.fxe5 hxg5
13.exf6 gxf6
14.Qd1h5 f5
15.Ra1e1 Be7c5
16.Nc3e2 Nb8c6
17.c3 Kg7
18.Kh1 Rf8h8
19.Qh5f3 Qd8c7
20.h3 g4
21.Qf3e3 gxh3
22.Qe3g5 Kf8
23.g3 Nc6xd4
24.cxd4 Bc5e7
25.Qg5d2 Qc7c6
26.Kg1 Qc6g2
{ resign }
0-1

[Event "Tourn. n10097"]
[Site "www.echecsemail.com"]
[Date "2019.09.27"]
[Round "1"]
[White "Ejner"]
[Black "Obisporey"]
[WhiteElo "2470"]
[BlackElo "2620"]
[Result "0-1"]
[Round "1"]
1.Ng1f3 d5
2.g3 g6
3.Bf1g2 Bf8g7
4.O-O e5
5.d3 Ng8e7
6.Nb1d2 O-O
7.e4 Nb8c6
8.c3 a5
9.a4 h6
10.Rf1e1 Bc8e6
11.h4 dxe4
12.dxe4 Qd8d3
13.Bg2f1 Qd3d7
14.Bf1c4 Ra8d8
15.Bc4xe6 Qd7xe6
16.Qd1e2 f5
17.Qe2c4 Qe6xc4
18.Nd2xc4 fxe4
19.Nf3d2 Ne7f5
20.Nd2xe4 Nf5d6
21.Nc4d2 Nd6xe4
22.Nd2xe4 b6
23.Bc1e3 Nc6e7
24.Ra1d1 Ne7f5
25.Be3c1 c6
26.Kf1 Rd8d5
27.Ke2 Rf8d8
28.Rd1d2 Nf5d6
29.f3 b5
30.Re1d1 Nd6xe4
31.fxe4 Rd5xd2
32.Rd1xd2 Rd8xd2
33.Kxd2 bxa4
34.Kc2 Bg7f8
35.Bc1e3 h5
36.Be3b6 Kf7
37.b3 axb3
38.Kxb3 Bf8h6
39.Bb6xa5 Bh6e3
40.Kc4 Be3f2
41.Ba5d8 Bf2xg3
42.Kd3 Bg3f2
43.Kc4 Bf2e3
44.Kb4 g5
45.hxg5 Kg6
46.Bd8c7 Kxg5
47.Bc7xe5 c5
48.Kc4 Be3f4
{ resign }
0-1

[Event "Tourn. n10180"]
[Site "www.echecsemail.com"]
[Date "2019.09.27"]
[Round "1"]
[White "Seger"]
[Black "Jerome"]
[WhiteElo "2820"]
[BlackElo "2420"]
[Result "1/2-1/2"]
[Round "1"]
1.d4 Ng8f6
2.c4 g6
3.Nb1c3 Bf8g7
4.e4 d6
5.Ng1e2 O-O
6.h3 c5
7.d5 b5
8.cxb5 a6
9.bxa6 Bc8xa6
10.Ne2g3 Ba6xf1
11.Ng3xf1 Qd8a5
12.Nf1g3 Nb8d7
13.O-O Rf8b8
14.Qd1c2 c4
15.Bc1e3 Nd7c5
16.Rf1b1 Nf6d7
17.Ng3e2 Nc5d3
18.Ne2d4 Nd7c5
19.f3 Rb8b6
20.Kh1 Bg7e5
21.Kg1 Be5g7
22.Nc3e2 Qa5a6
23.a4 Nd3b4
24.Qc2d2 Nb4d3
{ draw }
1/2-1/2

[Event "Match"]
[Site "www.echecsemail.com"]
[Date "2019.09.27"]
[Round "1"]
[White "Picifarkinca"]
[Black "Fereike"]
[WhiteElo "1510"]
[BlackElo "1540"]
[Result "1/2-1/2"]
[Round "1"]
1.e4 e5
2.Ng1f3 Nb8c6
3.Bf1b5 Ng8f6
4.O-O d6
5.Rf1e1 Bc8d7
6.c3 Bf8e7
7.d4 O-O
8.Nb1d2 Nc6b8
9.Bb5d3 Bd7g4
10.Qd1b3 exd4
11.Qb3xb7 Nb8d7
12.Nf3xd4 Nd7b6
13.Nd4c6 Qd8d7
14.Nc6xe7 Qd7xe7
15.Qb7a6 Bg4c8
16.Qa6a3 Bc8e6
17.e5 Nf6e8
18.exd6 Qe7xd6
19.Qa3xd6 Ne8xd6
20.Nd2f3 Be6d5
21.Nf3d4 Rf8e8
22.Bc1d2 Re8xe1
{ draw }
1/2-1/2

[Event "Tourn. n10197"]
[Site "www.echecsemail.com"]
[Date "2019.09.27"]
[Round "1"]
[White "Fereike"]
[Black "Picifarkinca"]
[WhiteElo "1540"]
[BlackElo "1520"]
[Result "1/2-1/2"]
[Round "1"]
1.e4 e5
2.Ng1f3 Nb8c6
3.Bf1b5 d6
4.d4 Bc8d7
5.d5 Nc6b8
6.Qd1e2 a6
7.Bb5d3 Ng8f6
8.c4 Bf8e7
9.Nb1c3 O-O
10.O-O c6
11.h3 b5
12.Bc1e3 b4
13.Nc3a4 c5
14.Qe2c2 Qd8a5
15.b3 Bd7xa4
16.bxa4 Nb8d7
17.Bd3e2 Qa5d8
18.Rf1b1 a5
19.a3 Qd8c7
20.axb4 axb4
21.Nf3d2 Nd7b8
22.f4 Nb8d7
23.fxe5 { draw }
1/2-1/2

[Event "Match"]
[Site "www.echecsemail.com"]
[Date "2019.09.27"]
[Round "1"]
[White "Calponas"]
[Black "Whitekknight"]
[WhiteElo "2060"]
[BlackElo "1920"]
[Result "1-0"]
[Round "1"]
1.d4 d5
2.c4 e6
3.Nb1c3 Ng8f6
4.Bc1g5 Bf8e7
5.e3 O-O
6.Ng1f3 h6
7.Bg5xf6 Be7xf6
8.c5 c6
9.b4 Nb8d7
10.e4 dxe4
11.Nc3xe4 Qd8e7
12.Ne4xf6 Nd7xf6
13.Bf1e2 Nf6d5
14.Qd1b3 Nd5f4
15.Be2f1 Qe7f6
16.g3 Nf4d5
17.Bf1g2 Rf8e8
18.Nf3e5 Qf6g5
19.h4 Qg5e7
20.O-O Qe7f8
21.Ra1e1 b6
22.Ne5xc6 Bc8b7
23.Nc6e5 Re8d8
24.c6 Bb7a6
25.b5 Ba6c8
26.f4 Nd5f6
27.Re1d1 Nf6d5
28.a4 g6
29.Bg2e4 Nd5f6
30.Be4b1 Kg7
31.Qb3d3 Nf6g8
32.Ne5xg6 Qf8e8
33.Ng6e5 f5
34.Qd3f3 Rd8d6
35.Bb1a2 Ng8f6
36.Ne5c4 Nf6e4
37.Nc4xd6 Ne4xd6
38.Rf1e1 Nd6e4
39.Re1xe4 fxe4
40.Qf3xe4 Qe8h5
41.Rd1e1 Qh5e8
42.d5 Qe8e7
43.dxe6 a6
44.Ba2b1 Kf8
45.f5 axb5
46.f6 Qe7xf6
47.e7 { resign }
1-0

[Event "1/64 Finale"]
[Site "www.chess-mail.com"]
[Date "2019.09.27"]
[Round "1"]
[White "Hennie4820"]
[Black "Mitja"]
[WhiteElo "2050"]
[BlackElo "2000"]
[Result "1-0"]
[Round "1"]
1.e4 d5
2.exd5 Qd8xd5
3.Ng1f3 c6
4.d4 Ng8f6
5.Bf1e2 e6
6.O-O b6
7.c3 Bc8b7
8.Bc1e3 h6
9.Nb1d2 Nf6g4
10.Be3f4 Ng4f6
11.Be2c4 Qd5d8
12.Rf1e1 Bf8e7
13.h3 Nf6d5
14.Bf4h2 Nb8d7
15.Nd2e4 Nd7f6
16.Ne4xf6 Nd5xf6
17.Qd1d3 O-O
18.Ra1d1 Be7d6
19.Bc4b3 Bd6xh2
20.Kxh2 Qd8c7
21.g3 Ra8d8
22.Bb3c2 c5
23.Qd3e3 cxd4
24.Nf3xd4 Qc7c4
25.Bc2b3 Qc4c7
26.Re1g1 Bb7d5
27.Rg1e1 Bd5xb3
28.axb3 Rf8e8
29.Nd4b5 Qc7e7
30.Nb5d4 Qe7c7
31.Nd4b5 Qc7e7
32.Nb5d4 Rd8c8
33.Nd4f5 Qe7c7
34.Nf5d4 Nf6d5
35.Qe3f3 a6
36.Re1e2 Rc8d8
37.Rd1e1 b5
38.Re2e4 Nd5f6
39.Re4e5 Qc7d6
40.Re1e2 Re8e7
41.Nd4f5 exf5
42.Re5xe7 Nf6e4
43.Re7a7 g6
44.Qf3e3 Kg7
45.Ra7b7 Ne4d2
46.Rb7b6 Nd2f1
47.Kg1 Nf1xe3
48.Rb6xd6 Rd8xd6
49.fxe3 g5
50.Kf2 Kf6
51.Ke1 h5
52.Re2d2 Rd6xd2
53.Kxd2 Ke5
54.Kd3 h4
55.gxh4 gxh4
56.c4 bxc4
57.bxc4 f6
58.b4 f4
59.exf4 Kxf4
60.c5 Ke5
61.Ke3 f5
62.Kf3 f4
63.Kf2 Kd5
64.Kf3 Ke5
65.Ke2 Kd5
66.Kf2 Ke5
67.Kf3 Kf5
68.c6 Ke6
69.Kxf4 Kd6
70.c7 Kxc7
71.Kg4 Kc6
72.Kxh4 Kb5
73.Kg5 Kxb4
74.h4 a5
75.h5 a4
76.h6 a3
77.h7 a2
78.h8Q Kb3
79.Qh8a1 Ka3
80.Kf4 { resign }
1-0

[Event "1/32 Finale"]
[Site "www.chess-mail.com"]
[Date "2019.09.27"]
[Round "1"]
[White "Hennie4820"]
[Black "Szustan"]
[WhiteElo "2090"]
[BlackElo "2640"]
[Result "0-1"]
[Round "1"]
1.e4 e5
2.Ng1f3 Nb8c6
3.Bf1c4 Ng8f6
4.d4 exd4
5.e5 d5
6.Bc4b5 Nf6e4
7.Nf3xd4 Bc8d7
8.Bb5xc6 bxc6
9.O-O Bf8c5
10.Bc1e3 Qd8e7
11.f3 Ne4d6
12.Be3f2 Nd6f5
13.f4 O-O
14.Nb1c3 Bc5b6
15.Kh1 Nf5xd4
16.Bf2xd4 Qe7b4
17.Nc3e2 Bd7g4
18.Bd4xb6 axb6
19.b3 Qb4e4
20.Rf1f2 f6
21.exf6 Rf8xf6
22.Qd1d2 Bg4xe2
23.Rf2xe2 Qe4xf4
24.Qd2xf4 Rf6xf4
25.Kg1 Kf7
26.Ra1f1 Rf4xf1
27.Kxf1 Ra8xa2
28.Kf2 c5
29.Ke3 Ra2a1
30.h3 Ra1d1
31.Kf4 Kf6
32.Kg4 b5
33.Kf4 c4
34.bxc4 b4
35.cxd5 Rd1xd5
36.g4 g5
37.Kf3 Rd5c5
38.Kf2 Rc5c3
39.Kg2 c5
40.Kh2 Rc3a3
41.Re2f2 Ke5
42.Kg2 c4
43.Rf2e2 Kd4
44.Re2e7 Kc3
{ resign }
0-1

[Event "Fast Game"]
[Site "www.echecsemail.com"]
[Date "2019.09.27"]
[Round "1"]
[White "Grevillea"]
[Black "Roko123"]
[WhiteElo "1599"]
[BlackElo "1599"]
[Result "1-0"]
[Round "1"]
1.e4 c5
2.Ng1f3 d6
3.Nb1c3 Nb8c6
4.Bf1c4 Ng8f6
5.Nf3g5 e6
6.d3 Bf8e7
7.O-O O-O
8.Bc4b3 Bc8d7
9.f4 h6
10.Ng5f3 a6
11.Qd1e1 b5
12.a3 e5
13.f5 Nc6d4
14.Nf3xd4 exd4
15.Nc3e2 Bd7c6
16.Ne2f4 Nf6g4
17.Qe1g3 Ng4e5
18.Nf4g6 Ne5xg6
19.fxg6 d5
20.gxf7  { time }
1-0

[Event "Match"]
[Site "www.echecsemail.com"]
[Date "2019.09.28"]
[Round "1"]
[White "Aiko1603"]
[Black "Ditto"]
[WhiteElo "2090"]
[BlackElo "1830"]
[Result "1-0"]
[Round "1"]
1.c4 e5
2.Nb1c3 Nb8c6
3.g3 Bf8b4
4.Bf1g2 d6
5.a3 Bb4c5
6.d3 Bc8g4
7.Ng1f3 a6
8.b4 Bc5a7
9.O-O Qd8f6
10.Nc3e4 Qf6d8
11.Bc1b2 Qd8e7
12.h3 Bg4e6
13.Qd1a4 Qe7d7
14.Ne4g5 h6
15.Ng5xe6 Qd7xe6
16.Nf3d4 exd4
17.Bg2xc6 bxc6
18.Qa4xc6 Qe6d7
19.Qc6xa8 Ke7
20.Qa8xa7 Ng8f6
21.Kh2 h5
22.Bb2xd4 Rh8g8
23.Bd4xf6 Kxf6
24.Qa7xa6 g5
25.Qa6b7 Rg8e8
26.Qb7f3 Kg6
27.e4 g4
28.hxg4 hxg4
29.Qf3f4 Re8h8
30.Kg2 Qd7e6
31.Rf1h1 Rh8g8
32.Qf4h6 
1-0

[Event "Tourn. n10186"]
[Site "www.echecsemail.com"]
[Date "2019.09.28"]
[Round "1"]
[White "Fabos12"]
[Black "Ditto"]
[WhiteElo "1780"]
[BlackElo "1830"]
[Result "0-1"]
[Round "1"]
1.d4 d5
2.Ng1f3 Nb8c6
3.g3 Bc8g4
4.Bf1g2 e6
5.c3 Bf8d6
6.Nb1d2 Qd8f6
7.h3 Bg4f5
8.O-O Ng8e7
9.Nf3h4 O-O-O
10.e4 dxe4
11.Nd2xe4 Bf5xe4
12.Bg2xe4 h6
13.f4 g6
14.Nh4f3 g5
15.fxg5 hxg5
16.Bc1xg5 Qf6g7
17.Nf3e5 Nc6xe5
18.dxe5 Qg7xe5
 { time }
0-1

[Event "Tourn. n10224"]
[Site "www.echecsemail.com"]
[Date "2019.09.28"]
[Round "1"]
[White "Apdash"]
[Black "Luban"]
[WhiteElo "2230"]
[BlackElo "2140"]
[Result "1-0"]
[Round "1"]
1.d4 d5
2.Ng1f3 e6
3.c4 Ng8f6
4.cxd5 exd5
5.Bc1g5 Bf8e7
6.Nb1c3 O-O
7.e3 a6
8.Bf1e2 h6
9.Bg5xf6 Be7xf6
10.O-O Bc8e6
11.Nf3e5 Nb8d7
12.f4 Ra8c8
13.Ne5xd7 Qd8xd7
14.Qd1d3 c5
15.f5 cxd4
16.fxe6 fxe6
17.exd4 Rc8c4
18.Rf1f4 e5
19.Rf4xf6 Rf8xf6
20.Nc3xd5 { resign }
1-0

[Event "Tourn. n10217"]
[Site "www.echecsemail.com"]
[Date "2019.09.28"]
[Round "1"]
[White "Fereike"]
[Black "Picifarkinca"]
[WhiteElo "1540"]
[BlackElo "1580"]
[Result "1/2-1/2"]
[Round "1"]
1.b3 Nb8c6
2.Bc1b2 e5
3.g3 d5
4.Bf1g2 f6
5.e3 Bc8e6
6.Ng1e2 Qd8d7
7.O-O O-O-O
8.d4 e4
{ draw }
1/2-1/2

[Event "Tourn. n10197"]
[Site "www.echecsemail.com"]
[Date "2019.09.28"]
[Round "1"]
[White "Osopanda"]
[Black "Vasylpuzanov"]
[WhiteElo "1590"]
[BlackElo "1410"]
[Result "0-1"]
[Round "1"]
1.e4 e5
2.Ng1f3 Nb8c6
3.Bf1b5 a6
4.Bb5a4 Ng8e7
5.d4 exd4
6.Nf3xd4 Nc6xd4
7.Qd1xd4 Ne7c6
8.Ba4xc6 dxc6
9.Bc1e3 Qd8xd4
10.Be3xd4 { time. }
0-1

[Event "Match"]
[Site "www.echecsemail.com"]
[Date "2019.09.28"]
[Round "1"]
[White "Apdash"]
[Black "Gimmyg"]
[WhiteElo "2190"]
[BlackElo "2560"]
[Result "0-1"]
[Round "1"]
1.e4 d5
2.e5 c5
3.c3 Bc8f5
4.d4 cxd4
5.cxd4 Nb8c6
6.Nb1c3 e6
7.Ng1f3 Bf8b4
8.Bf1b5 Ng8e7
9.O-O O-O
10.a3 Bb4xc3
11.bxc3 Qd8a5
12.c4 dxc4
13.Bb5xc4 Qa5c3
14.Qd1e2 Qc3xa1
15.Bc1b2 Qa1xf1
16.Kxf1 Rf8d8
17.Qe2e3 Ra8c8
18.Bc4d3 Ne7d5
19.Qe3d2 Bf5xd3
20.Qd2xd3 h6
21.Nf3d2 Nc6xe5
22.dxe5 Nd5f4
23.Qd3e3 Rc8c2
24.Qe3xf4 Rd8xd2
25.Ke1 Rd2e2
26.Kf1 Rc2xb2
27.Qf4d4 Re2d2
{ resign }
0-1

[Event "Tourn. n10150"]
[Site "www.echecsemail.com"]
[Date "2019.09.28"]
[Round "1"]
[White "Asoka"]
[Black "Jerome"]
[WhiteElo "2750"]
[BlackElo "2269"]
[Result "1/2-1/2"]
[Round "1"]
1.a3 f5
2.d4 Ng8f6
3.Bc1f4 e6
4.e3 Bf8e7
5.Bf1e2 O-O
6.c4 d6
7.Nb1c3 Nb8c6
8.Bf4g3 e5
9.dxe5 dxe5
10.Ng1f3 e4
11.Qd1xd8 Rf8xd8
12.Nf3d2 Be7d6
13.Nc3b5 Bd6xg3
14.hxg3 Rd8d7
15.Nd2b3 Nc6e5
16.Nb3d4 g6
17.b4 c6
18.Nb5c3 Rd7e7
19.c5 Bc8e6
20.Ra1c1 Be6f7
21.O-O Bf7c4
22.Be2xc4 Ne5xc4
23.Nc3a4 Nc4e5
24.Na4b2 Re7d7
25.Nb2c4 Ne5xc4
26.Rc1xc4 a6
27.Rf1b1 Nf6g4
28.Kf1 Ng4e5
29.Rc4c1 Kf7
30.Rc1d1 h5
31.Ke2 Ra8d8
32.Rb1b3 Kf6
33.Rb3b1 Rd7d5
34.Rd1c1 g5
35.a4 f4
36.gxf4 gxf4
37.b5 Ne5d3
38.Rc1c2 axb5
39.axb5 Rd8g8
40.bxc6 bxc6
41.Kf1 h4
42.Rb1b6 f3
43.Rb6xc6 Kg5
44.Rc2d2 Rg8a8
45.Rd2d1 Ra8a2
46.gxf3 Ra2xf2
47.Kg1 h3
48.Rc6d6 Rd5xd4
49.Rd6xd4 Rf2g2
50.Kf1 Rg2c2
51.Kg1 h2
52.Kh1 Nd3f2
53.Kxh2 Nf2xd1
54.Kh3 Nd1xe3
55.Rd4xe4 { draw }
1/2-1/2

[Event "Tourn. n10219"]
[Site "www.echecsemail.com"]
[Date "2019.09.28"]
[Round "1"]
[White "Jesmantiz"]
[Black "Sae80"]
[WhiteElo "2200"]
[BlackElo "2359"]
[Result "0-1"]
[Round "1"]
1.d4 d5
2.e3 Ng8f6
3.Bf1d3 c5
4.c3 Nb8c6
5.f4 Bc8g4
6.Ng1f3 e6
7.Nb1d2 Bf8d6
8.O-O O-O
9.Bd3e2 cxd4
10.cxd4 Ra8c8
11.a3 h6
12.Be2d3 Nc6e7
13.Qd1e1 Bg4f5
14.Bd3xf5 Ne7xf5
15.Nf3e5 Qd8b6
16.Kh1 Rc8c2
17.b4 Rf8c8
18.Nd2b3 Qb6b5
19.Bc1d2 Bd6xe5
20.fxe5 Nf6e4
21.Bd2c1 Rc2e2
22.Qe1d1 Rc8c2
23.Rf1g1 Ne4f2
{ resign }
0-1

[Event "Tourn. n10187"]
[Site "www.echecsemail.com"]
[Date "2019.09.28"]
[Round "1"]
[White "Apdash"]
[Black "Claudia"]
[WhiteElo "2150"]
[BlackElo "2170"]
[Result "0-1"]
[Round "1"]
1.e4 c5
2.Ng1f3 d6
3.d4 cxd4
4.Nf3xd4 Ng8f6
5.Nb1c3 e6
6.Bc1g5 a6
7.Bf1d3 Bf8e7
8.O-O O-O
9.Qd1e2 Nb8c6
10.Nd4xc6 bxc6
11.Ra1d1 Ra8b8
12.e5 Nf6d5
13.Bg5xe7 Qd8xe7
14.Nc3xd5 exd5
15.exd6 Qe7xe2
16.Bd3xe2 Rb8xb2
17.Be2d3 Rb2xa2
18.Rd1a1 Ra2xa1
19.Rf1xa1 Rf8d8
20.Bd3xa6 Bc8f5
21.Ba6b7 h6
22.Ra1a8 Rd8xa8
23.Bb7xa8 Bf5d7
24.f4 f6
25.Kf2 Kf7
26.Ke3 Ke6
27.Ba8b7 Kxd6
28.Bb7a6 Bd7f5
29.c3 c5
30.Ba6e2 g5
31.g3 Bf5e4
32.Be2a6 Kc6
33.Ba6f1 Kb6
34.c4 Ka5
35.cxd5 Be4xd5
36.Kd3 Kb4
37.fxg5 fxg5
38.h4 Bd5c4
{ resign }
0-1

[Event "Match"]
[Site "www.echecsemail.com"]
[Date "2019.09.28"]
[Round "1"]
[White "Apdash"]
[Black "Foxy100"]
[WhiteElo "2150"]
[BlackElo "2470"]
[Result "0-1"]
[Round "1"]
1.e4 e5
2.Ng1f3 Nb8c6
3.Bf1b5 a6
4.Bb5xc6 dxc6
5.d4 Bc8g4
6.Bc1e3 f5
7.Nb1d2 f4
8.dxe5 fxe3
9.fxe3 Bf8c5
10.Qd1e2 Qd8e7
11.h3 Bg4xf3
12.Nd2xf3 O-O-O
13.c3 Ng8h6
14.O-O Rh8f8
15.a4 Rf8f4
16.b4 Bc5a7
17.b5 Qe7c5
18.Nf3d4 Rf4xf1
19.Ra1xf1 cxb5
20.axb5 axb5
21.Rf1a1 Ba7b8
22.Nd4e6 Qc5xc3
23.Ra1b1 Qc3d3
24.Qe2xd3 Rd8xd3
25.Rb1xb5 c6
26.Rb5b1 Bb8xe5
27.Kf2 b5
28.Ke2 Rd3a3
29.Ne6g5 Ra3a2
30.Kf3 Kc7
31.Ng5xh7 Kb6
32.Nh7g5 c5
33.Ng5e6 Nh6f7
34.Ne6f4 Nf7g5
35.Kg4 Ng5xe4
36.Nf4d5 Kc6
37.Nd5e7 Kd6
38.Ne7f5 Kd5
39.Nf5e7 Ke6
40.Rb1xb5 Kxe7
41.Kf5 Ne4d6
{ resign }
0-1

[Event "Tourn. n10002"]
[Site "www.echecsemail.com"]
[Date "2019.09.29"]
[Round "1"]
[White "Stepanpech"]
[Black "Seger"]
[WhiteElo "2530"]
[BlackElo "2820"]
[Result "1/2-1/2"]
[Round "1"]
1.c4 e5
2.Nb1c3 c5
3.g3 d6
4.Bf1g2 Nb8c6
5.d3 g6
6.Ng1f3 Bf8g7
7.O-O Ng8e7
8.Ra1b1 O-O
9.a3 a5
10.Bc1d2 Ra8b8
11.Qd1a4 b6
12.Rf1c1 Bc8b7
13.Qa4d1 Qd8d7
14.e3 f5
15.Qd1a4 h6
16.Nc3d5 e4
17.Nf3e1 Qd7e6
18.Nd5xb6 Nc6e5
19.Bd2xa5 exd3
20.Bg2xb7 Rb8xb7
21.Qa4d1 Ne7c6
22.b4 cxb4
23.axb4 Rf8b8
24.Ne1xd3 Ne5xd3
25.Qd1xd3 Rb7xb6
26.Ba5xb6 Rb8xb6
27.c5 dxc5
28.bxc5 Rb6xb1
29.Rc1xb1 Bg7f8
30.Rb1b6 Bf8xc5
31.Rb6a6 f4
32.gxf4 Qe6g4
33.Kf1 Nc6e7
34.Ra6a8 Kh7
35.Qd3b3 Qg4f5
36.Ra8a5 Ne7c6
37.Ra5b5 Qf5h3
38.Ke2 Qh3f5
39.f3 Nc6d8
40.Qb3d3 Nd8e6
41.Qd3xf5 gxf5
42.Kd3 Kg7
43.Rb5b3 Bc5e7
44.Kc4 Ne6f8
45.Kd5 Kf6
46.Rb3b6 Kg7
47.Rb6a6 Be7b4
48.Ra6a7 Kg6
49.Kd4 h5
50.Ra7a6 Kf7
51.Ra6h6 h4
52.Rh6xh4 Bb4e7
53.Rh4h5 Kg6
54.Rh5h3 Be7f6
55.Kd3 Kf7
56.Rh3g3 Nf8d7
57.Rg3g2 Nd7f8
58.Rg2a2 Nf8g6
59.Ra2a6 Ng6h4
60.Ke2 Nh4g6
61.h3 Bf6e7
62.Ra6c6 Be7f6
63.Rc6b6 Bf6e7
64.Rb6a6 Be7h4
65.Ra6a7 Ke6
66.Ra7a5 Bh4e7
67.Ra5b5 Be7h4
68.Rb5b6 Kf7
69.Kd3 Bh4f6
{ draw }
1/2-1/2

[Event "Tourn. n10207"]
[Site "www.echecsemail.com"]
[Date "2019.09.29"]
[Round "1"]
[White "Iko"]
[Black "Bgm9"]
[WhiteElo "1820"]
[BlackElo "1960"]
[Result "1/2-1/2"]
[Round "1"]
1.e4 c5
2.Ng1f3 d6
3.Bf1d3 Nb8c6
4.Bd3b5 Bc8d7
5.O-O Ng8f6
6.Nb1c3 e5
7.d3 a6
8.Bb5xc6 Bd7xc6
9.Bc1g5 Bf8e7
10.h4 h6
11.Bg5xf6 Be7xf6
12.Nc3d5 Bc6xd5
13.exd5 O-O
14.Rf1e1 Bf6xh4
15.g3 Bh4e7
16.Re1e4 f5
17.Re4a4 b5
18.Ra4a3 a5
19.Nf3h2 Qd8d7
20.Nh2f3 b4
21.Ra3b3 a4
22.Nf3xe5 dxe5
23.Rb3xb4 cxb4
24.Qd1d2 Qd7xd5
25.c4 Qd5d4
26.Qd2xb4 Be7xb4
27.a3 Bb4c5
28.Ra1d1 Qd4xf2
29.Kh1 Qf2f3
30.Kh2 Qf3xd1
31.Kh3 g5
32.Kh2 Qd1g1
33.Kh3 Qg1h1
{ draw }
1/2-1/2